Statistics for The Maze Runner (Book 2 - The Scorch Trials)

Click here to take the quiz!

General Stats

  • This quiz has been taken 425 times
  • The average score is 10 of 15

Answer Stats

HintAnswer% Correct
Who is 'To be killed by group B'?Thomas
99%
Who is 'The Leader'?Minho
98%
Who is 'The Glue'?Newt
98%
Who is 'The Betrayer'?Teresa
98%
Who helps Thomas get through the 'underneath' when they are separated from the other Gladers?Brenda
86%
Who is found in Teresa's dorm instead of Teresa?Aris
80%
What is the nickname given to the people infected with the flare?Cranks
80%
Who is the leader of the gang they encounter when taking shelter from the storm in the city?Jorge
75%
What is the name of the place they have to cross?The Scorch
75%
Who nearly gets their head sliced off but is saved by Thomas?Winston
72%
Who supposedly took Mr.Nose's Nose?Rose
39%
What does Teresa say telepathically to Thomas at the very end of the last chapter?WICKED is Good
37%
What is sticking out from the ground with a banner attached to it stating that it is the Safe Haven?A Stick
35%
Who shoots Thomas in the shoulder?Blondie
29%
Who is the first to get their head sliced off by the silver balls after going through the flat-trans?Frankie
12%

Score Distribution

Percentile by Number Answered

Percent of People with Each Score

Your Score History

You have not taken this quiz